GTA V Online - Quelle est cette voiture ? - Statistiques

Statistiques générales
  • Ce quiz a été pris 55 fois
  • Le résultat moyen est 5 sur 16
Statistiques - réponses
Par images Réponse % Correct
Truffade Thrax
67%
Ocelot XA-21
51%
Dewbauchee Champion
40%
Enus Jubilee
40%
Übermacht Sentinel GTS
40%
Albany V-STR
37%
Obey Tailgater S
37%
Dinka Sugoi
35%
Vapid Flash GT
35%
Übermacht Rebla GTS
33%
Annis ZR350
28%
Benefactor Schlagen GT
26%
Vapid FMJ MK V
26%
Benefactor Vorschlaghammer
16%
Declasse Granger 3600LX
12%
Maibatsu Penombra FF
5%
Aucun quiz correspondant
Distribution des résultats
% des personnes avec chaque résultat
Percentile par nombre de réponses
Votre historique - résultats
Vous n’avez pas pris ce quiz